000 01391nam a2200349 a 4500
001 000114666
003 CHAP
005 20220329144452.0
008 180316s2017 mx a fsm |||||||spa d
010 _a111127
011 _a112099
040 _cCHAP
090 _aTesis
100 1 _aRamos Bojorges, Enrique Ignacio
_9134919
245 1 0 _aAlteraciones histologicas en el sistema digestivo del gusano de la soya Anticarsia gemmatalis Hübner (Noctuidae: Lepidóptera) por el insecticida Tubefenozide /
_h[En línea]
_cpor Enrique Ignacio Ramos Bojorges.
260 _aChapingo, Méx. :
_bEl autor,
_c2017.
500 _aPara ver el contenido del material haga clic en la liga
502 _aTesis (Ing. Agr. Esp. en Parasitología Agrícola) -- UACH. Departamento de Parasitología Agrícola
590 _aBATCH-UPD
_b05
_c20180319
_lUCH01
_h0927
590 _aE8697GMM
_b05
_c20180316
_lUCH01
_h0910
590 _aE8697GMM
_b05
_c20180316
_lUCH01
_h1002
590 _aE8697GMM
_b05
_c20180319
_lUCH01
_h0926
590 _aE8697GMM
_b05
_c20180319
_lUCH01
_h0928
650 1 4 _aAnticarsi gemmatalis
_xControl.
_9134920
650 1 4 _aInsecticidas
_xAplicación.
_958857
650 1 4 _aInsecticidas
_xEfecto en plagas.
_958870
650 1 4 _aSoya
_xPlagas.
_9109077
856 _aFinding aid
_uhttp://10.13.5.2/tesis/sist114666.pdf
_zTeclea aquí
901 _aBK
942 _cTESIS
942 _n0
999 _c111127
_d111127